000 01048 am a2200349 a 4500
005 20240507084501.0
008 100304s1985||||ag a f |||| 001 0 spa d
020 _a9500601486
041 _aspa
092 _c611.94
_l8
_sBOU
100 1 _aBouchet, Alain.
_9104
245 _aAnatomía Descriptiva, Topográfica y Funcional.
_bTórax /
_cAlain Bouchet
250 _a1a ed.
_bTraducción Ernesto Brik ; Germán Niedfeld y Antonio Méndez Anell
260 _aBuenos Aires:
_bEditorial Médica Panamericana;
_c1985.
300 _a324 p.
500 _aBouchet, A. y Cuilleret, J. (1985). Anatomía descriptiva, topográfica y funcional. Tórax. (1a ed.). Buenos Aires : Editorial Médica Panamericana.
653 _aTórax
653 _aParedes
653 _aMediastinos
653 _aCavidades pleurales
653 _aPulmones
700 1 _aCuilleret, Jacques.
_9105
930 _a112
930 _a142
930 _a218
930 _a626
930 _a627
930 _a628
930 _a629
930 _a630
942 _2ddc
_cBK
999 _c33
_d33